El país mas hermoso del mundo / (Registro nro. 3313)
[ vista simple ]
| 000 -LEADER | |
|---|---|
| fixed length control field | 01523nam a2200241Ia 4500 |
| 003 - CONTROL NUMBER IDENTIFIER | |
| control field | OSt |
| 005 - DATE AND TIME OF LATEST TRANSACTION | |
| control field | 20250711161311.0 |
| 008 - FIXED-LENGTH DATA ELEMENTS--GENERAL INFORMATION | |
| fixed length control field | 191128t1989 ck br 000 f spa d |
| 020 ## - INTERNATIONAL STANDARD BOOK NUMBER | |
| International Standard Book Number | 9580407479 |
| 040 ## - CATALOGING SOURCE | |
| Original cataloging agency | CO-JMCR |
| Transcribing agency | CO-JMCR |
| 041 ## - LANGUAGE CODE | |
| Language code of text/sound track or separate title | spa |
| 082 ## - DEWEY DECIMAL CLASSIFICATION NUMBER | |
| Classification number | N |
| Item number | SANp |
| 100 1# - MAIN ENTRY--PERSONAL NAME | |
| Personal name | Sánchez Juliao, David, |
| Relator term | autor |
| 9 (RLIN) | 8108 |
| 245 13 - TITLE STATEMENT | |
| Title | El país mas hermoso del mundo / |
| Statement of responsibility, etc. | David Sánchez Julio |
| 260 ## - PUBLICATION, DISTRIBUTION, ETC. | |
| Place of publication, distribution, etc. | Bogotá : |
| Name of publisher, distributor, etc. | Norma, |
| Date of publication, distribution, etc. | 1989 |
| 300 ## - PHYSICAL DESCRIPTION | |
| Extent | 144 páginas : |
| Other physical details | ilustraciones blanco y negro ; |
| Dimensions | 19 cm |
| 490 0# - SERIES STATEMENT | |
| Series statement | Torre de papel. Roja |
| 500 ## - GENERAL NOTE | |
| General note | Incluye datos biográficos del autor en contraportada |
| 505 0# - FORMATTED CONTENTS NOTE | |
| Formatted contents note | El encuentro con el sol -- Enero: un país echo de almíbares y nieves -- Febrero: un país casi todo echo de mar -- Marzo: un país donde la gente era superior al paisaje -- Abril: un país que era todo ciudad -- Mayo: el país de la miel y de las flores -- Junio: el país corazón de la tierra -- Julio: un país de arenas y espejismos -- Agosto: el país verde esmeralda -- Septiembre: un país que amaba el río -- Octubre: un país todo de blanco -- Noviembre: el país de los témpanos viajeros -- Diciembre: un país que era centro del año |
| 520 3# - SUMMARY, ETC. | |
| Summary, etc. | Lalo y Tala emprenden un viaje en compañía del Sol. Visitan los doce meses del año, que son doce países diferentes. Descubren que cada mes es distinto de los demás, y que cada uno tiene algún encanto especial. Doce fantásticas aventuras comparten Lalo y Tala. |
| 650 14 - SUBJECT ADDED ENTRY--TOPICAL TERM | |
| Topical term or geographic name entry element | Novela infantil colombiana |
| 9 (RLIN) | 6541 |
| 942 ## - ADDED ENTRY ELEMENTS (KOHA) | |
| Source of classification or shelving scheme | Dewey Decimal Classification |
| Koha item type | Books |
| Withdrawn status | Lost status | Source of classification or shelving scheme | Damaged status | Not for loan | Collection code | Home library | Current library | Date acquired | Total Checkouts | Total Renewals | Full call number | Barcode | Date last seen | Date last checked out | Copy number | Koha item type | Price effective from |
|---|---|---|---|---|---|---|---|---|---|---|---|---|---|---|---|---|---|
| Dewey Decimal Classification | Fiction | Biblioteca Pública José María del Castillo y Rada | Biblioteca Pública José María del Castillo y Rada | 11/28/2019 | 6 | 1 | N SANp | 201507053 | 03/31/2026 | 03/31/2026 | Ej.1 | Books | |||||
| Dewey Decimal Classification | Biblioteca Pública José María del Castillo y Rada | Biblioteca Pública José María del Castillo y Rada | 10/27/2022 | 2 | N SANp | 201811179 | 03/31/2026 | 03/31/2026 | Ej.2 | Books | 10/27/2022 |